• 首页
  • 本馆介绍
  • 公告通知
  • 最新文献
  • 馆藏检索
  • 电子资源
  • 读者导购
  • 参考咨询
  • 我的图书馆
  • 登录
  • 详细信息显示
  • 放入我的书架
  • 预约/预借图书
  • 作者相关作品
  • 分类相关作品
  • 丛书相关作品
  • 出版社相关作品

书目信息

  • 表格格式
  • 工作单格式
  • 卡片格式
题名:
一二九运动资料
    
 
作者: 孙敦恒 编选
分册: 第一辑  
出版信息: 北京   人民出版社  1981
页数: 564页
开本: 19cm
丛书名: 中国现代革命史资料丛刊
单 册:
中图分类: K264.5
科图分类:
主题词: 一二·九运动--史料 , 中国--历史
电子资源:
ISBN:
000 00764nam0 2200265 45
001 0181009941
005 20070729110824.33
010    @dCNY1.50
091    @a11001.450
100    @a19950605d1981 em y0chiy0121 ea
101 0  @achi
102    @aCN@b110000
105    @ay z 000yy
200 10 @a一二九运动资料@Ayi er jiu yun dong zi liao@h第一辑@f孙敦恒等编选@Fsun dun heng deng bian xuan
210    @a北京@c人民出版社@d1981
215    @a564页@d19cm
225 2  @a中国现代革命史资料丛刊
410  0 @12001 @a中国现代革命史资料丛刊
606    @a一二·九运动@x史料
606 0  @a中国@x历史
690    @aK264.5
701  0 @a孙敦恒@Asun dun heng@4编选
801  0 @aCN@b上海图书馆@c20070729
801  2 @aCN@bNLC@c20060629
905    @f1@b167582@dK264.5@e30:1
    
    一二九运动资料.第一辑/孙敦恒等编选.-北京:人民出版社,1981
    564页;19cm.-(中国现代革命史资料丛刊)
    
    
    ISBN :CNY1.50
    
●
相关链接 在E读中查询图书 在五车中查询图书 在当当中查询图书 在豆瓣中查询图书


正题名:一二九运动资料     索取号:K264.5/30:1         预约/预借

序号 登录号 条形码 馆藏地/架位号 状态 备注
1 0785865   207858656   第二样本阅览室/ [索取号:K264.5/30:1] 在馆    
唐山师范学院图书馆 欢迎您!
大连网信软件有限公司© 版权所有